000 00370cam a2200157ua 4500
041 _aeng
_h
082 _a828.09
_bMUL/ST
100 _aMullik, B.R.
245 _aStudies in Poets Vol.VI Pope /
_cB R Mullik.
_hTextual Documents
250 _a4 /
_b.
260 _a :
_bChand.Company ,
_c1964.
300 _a74 ; .
504 _a
942 _cBK
999 _c3390
_d3390